| 000 | 01185cam a2200325Ia 4500 | ||
|---|---|---|---|
| 001 | 44370 | ||
| 005 | 20230410121156.0 | ||
| 008 | 860619s1984 mx a b 000 0 spa d | ||
| 035 | _a(OCoLC)ocm13751856 | ||
| 040 |
_aDOA _cDOA |
||
| 035 | _a(OCoLC)13751856 | ||
| 041 | 1 |
_aspa _heng |
|
| 050 | 1 | 4 |
_aJZ 1308 _bD486p 1984 |
| 082 | 0 | 0 | _a327 |
| 100 | 1 |
_aDeutsch, Karl W. _q(Karl Wolfgang), _d1912-1992. |
|
| 245 | 1 | 0 |
_aProblemas para el modelo del mundo / _c[editado por] Karl W. Deutsch ; [traducción del inglés, Armando Tornell] |
| 250 | _a1a ed. en español. | ||
| 260 |
_aMéxico : _bEdiciones Gernika, _cc1984. |
||
| 300 |
_a461 p. : _bill. ; _c21 cm. |
||
| 500 | _aTítulo original. Problems of world modelling. | ||
| 504 | _aIncludes bibliographies. | ||
| 650 | 0 | _aInternational relations | |
| 650 | 0 |
_aInternational relations _xMathematical models. |
|
| 650 | 0 |
_aInternational economic relations _xMathematical models. |
|
| 650 | 4 | _aRelaciones internacionales. | |
| 710 | 2 |
_aInternational Political Science Association. _bResearch Committee on Quantitative and Mathematical Approaches to Politics. |
|
| 942 |
_2lcc _cbk |
||
| 946 | _ajoacosta | ||
| 994 |
_aC0 _bDRFGD |
||
| 999 |
_c59448 _d59448 |
||